000 00453nam a2200181Ia 4500
008 121102t1968 xxu||||| |||| 00| 0 sin d
041 _asin
080 _aX8S1
_bSAM
100 _aJuliyat Samarasinghe
245 _aපෙම් කළ අය
246 _aPem Kala Aya
250 _a260:
260 _bLrtishiya Samarasinghe
_aNugegoda
_c1968
300 _b60p., 18 cm
942 _cBK
999 _c75850
_d75850
003 LK-CoDNM
040 _aLK-CoDNM
_dLK-CoDNM
_eLK-CoDNM